[Event "5. OPEN International Championship of Vo"]
[Site "Novi Sad - MASTER CENTAR - SAJ"]
[Date "2014.07.15"]
[Round "5.1"]
[White "Egorov, Evgeny"]
[Black "Drazic, Sinisa"]
[Result "1/2-1/2"]
[WhiteElo "2358"]
[BlackElo "2430"]
[PlyCount "94"]
[EventDate "2014.07.12"]

1. d4 d5 2. Nf3 Nf6 3. c4 dxc4 4. e3 Be6 5. Nc3 a6 6. Ng5 Bd5 7. e4 h6 8. exd5
hxg5 9. Bxg5 b5 10. g3 Nbd7 11. Bg2 Nb6 12. O-O Nfxd5 13. a4 f6 14. axb5 axb5
15. Rxa8 Qxa8 16. Bf4 c6 17. Re1 Qc8 18. Ne4 Kf7 19. Bc1 g6 20. h4 Nb4 21. b3
Nd3 22. Re2 Nd5 23. bxc4 bxc4 24. Rc2 Qa6 25. Bf1 e6 26. Nd2 Qa1 27. Rxc4 Nb2
28. Nb3 Nxd1 29. Nxa1 Be7 30. Rxc6 Rb8 31. Be2 N1c3 32. Bd3 Na2 33. h5 gxh5 34.
Be4 Ndc3 35. Bf4 Rb2 36. Bf3 Ne2+ 37. Bxe2 Rxe2 38. Nc2 Nb4 39. Nxb4 Bxb4 40.
Kg2 Ra2 41. Rc4 Ba5 42. Be3 Bd2 43. Kf3 Bxe3 44. fxe3 f5 45. Rc6 Rd2 46. Rb6
Kf6 47. Ra6 Ke7 1/2-1/2

[Event "5. OPEN International Championship of Vo"]
[Site "Novi Sad - MASTER CENTAR - SAJ"]
[Date "2014.07.15"]
[Round "5.2"]
[White "Atalik, Suat"]
[Black "Saric, Sinisa"]
[Result "0-1"]
[WhiteElo "2550"]
[BlackElo "2400"]
[PlyCount "76"]
[EventDate "2014.07.12"]

1. d4 Nf6 2. c4 g6 3. g3 Bg7 4. Bg2 O-O 5. Nc3 d6 6. Nf3 Na6 7. Bg5 h6 8. Bxf6
Bxf6 9. Qd2 Bg7 10. Rd1 c5 11. dxc5 Nxc5 12. b4 Na6 13. a3 Be6 14. Nd5 Rc8 15.
Qd3 Bxd5 16. Qxd5 Qc7 17. Nd2 b6 18. O-O Nb8 19. Rb1 Nc6 20. Rfc1 e6 21. Qe4
Qe7 22. e3 Rc7 23. f4 Rfc8 24. Qd3 Qd8 25. Nb3 Ne7 26. e4 g5 27. f5 Nc6 28.
fxe6 fxe6 29. Bh3 Qe7 30. c5 dxc5 31. bxc5 Ne5 32. Qa6 g4 33. Bf1 bxc5 34. Bc4
Rc6 35. Qa5 Qg5 36. Kh1 Qe3 37. Nd2 Rd6 38. Re1 Nxc4 0-1

[Event "5. OPEN International Championship of Vo"]
[Site "Novi Sad - MASTER CENTAR - SAJ"]
[Date "2014.07.15"]
[Round "5.3"]
[White "Nestorovic, Dejan"]
[Black "Savic, Miodrag R"]
[Result "1/2-1/2"]
[WhiteElo "2408"]
[BlackElo "2522"]
[PlyCount "34"]
[EventDate "2014.07.12"]

1. d4 Nf6 2. c4 e6 3. Nc3 Bb4 4. e3 O-O 5. Nge2 d5 6. a3 Bxc3+ 7. Nxc3 Nbd7 8.
cxd5 exd5 9. Bd3 c5 10. O-O Re8 11. Bc2 b6 12. dxc5 Nxc5 13. b4 Ne6 14. Ba4 Bd7
15. Bb3 Bc6 16. b5 Bb7 17. Ne2 Qd6 1/2-1/2

[Event "5. OPEN International Championship of Vo"]
[Site "Novi Sad - MASTER CENTAR - SAJ"]
[Date "2014.07.15"]
[Round "5.4"]
[White "Azaladze, Shota"]
[Black "Liou, Yian"]
[Result "1-0"]
[WhiteElo "2499"]
[BlackElo "2387"]
[PlyCount "55"]
[EventDate "2014.07.12"]

1. Nf3 d5 2. g3 c6 3. Bg2 Bg4 4. c4 e6 5. cxd5 exd5 6. O-O Bd6 7. d3 Ne7 8. e4
O-O 9. Nc3 d4 10. Ne2 c5 11. h3 Bc8 12. Nd2 Nbc6 13. f4 f6 14. g4 Kh8 15. Ng3
Ng6 16. Nh5 Bd7 17. a3 b5 18. Qe1 Qc7 19. Qf2 Nge7 20. e5 fxe5 21. Ne4 exf4 22.
Nxd6 Qxd6 23. Bxf4 Qg6 24. Rae1 Be6 25. Be4 Qf7 26. Qg2 Qe8 27. Bd6 Rxf1+ 28.
Rxf1 1-0

[Event "5. OPEN International Championship of Vo"]
[Site "Novi Sad - MASTER CENTAR - SAJ"]
[Date "2014.07.15"]
[Round "5.5"]
[White "Mrkonjic, Nenad"]
[Black "Arsovic, Zoran"]
[Result "1/2-1/2"]
[WhiteElo "2373"]
[BlackElo "2433"]
[PlyCount "41"]
[EventDate "2014.07.12"]

1. d4 Nf6 2. Bg5 e6 3. Nd2 h6 4. Bh4 c5 5. c3 cxd4 6. cxd4 Nc6 7. e3 Be7 8. Bd3
b6 9. Ne2 Bb7 10. O-O Rc8 11. a3 O-O 12. Nc3 d6 13. Rc1 Nd5 14. Bg3 Nxc3 15.
Rxc3 Bh4 16. Qg4 Bxg3 17. Qxg3 e5 18. Nf3 Qf6 19. dxe5 Nxe5 20. Nxe5 dxe5 21.
Rfc1 1/2-1/2

[Event "5. OPEN International Championship of Vo"]
[Site "Novi Sad - MASTER CENTAR - SAJ"]
[Date "2014.07.15"]
[Round "5.6"]
[White "Tosic, Miroslav"]
[Black "Burovic, Ismet"]
[Result "1-0"]
[WhiteElo "2427"]
[BlackElo "2366"]
[PlyCount "79"]
[EventDate "2014.07.12"]

1. d4 Nf6 2. c4 g6 3. Nc3 Bg7 4. e4 d6 5. Nge2 Nc6 6. h3 e5 7. d5 Ne7 8. Ng3 h5
9. Be2 h4 10. Nf1 Nh5 11. g3 hxg3 12. fxg3 c6 13. Be3 Bh6 14. Bxh5 Bxe3 15.
Nxe3 Rxh5 16. h4 cxd5 17. cxd5 b5 18. g4 Rh7 19. Qe2 a6 20. Qf3 Bd7 21. h5 Qb6
22. Rc1 Rc8 23. Kf2 gxh5 24. Rxh5 Rxh5 25. gxh5 b4 26. Ne2 Rxc1 27. Nxc1 f5 28.
Kg2 Qd4 29. Ne2 Qxb2 30. Nc4 Qxa2 31. Nxd6+ Kf8 32. h6 Ng6 33. Kg1 b3 34. exf5
Nh8 35. Qg3 Qa1+ 36. Kf2 e4 37. Nxe4 Nf7 38. h7 Qg7 39. Qb8+ Be8 40. Qb4+ 1-0

[Event "5. OPEN International Championship of Vo"]
[Site "Novi Sad - MASTER CENTAR - SAJ"]
[Date "2014.07.15"]
[Round "5.7"]
[White "Radlovacki, Jovan"]
[Black "Strebkovs, Andrejs"]
[Result "1/2-1/2"]
[WhiteElo "2443"]
[BlackElo "2357"]
[PlyCount "112"]
[EventDate "2014.07.12"]

1. e4 d5 2. exd5 Qxd5 3. Nc3 Qd6 4. d4 Nf6 5. Nb5 Qd8 6. c4 c6 7. Nc3 g6 8. h3
Bg7 9. Nf3 O-O 10. Bd3 Na6 11. O-O c5 12. Be3 cxd4 13. Bxd4 Nb4 14. Re1 e5 15.
Rxe5 Nc6 16. Rd5 Nxd5 17. Bxg7 Kxg7 18. cxd5 Ne7 19. Bc2 Nf5 20. Bxf5 Bxf5 21.
g4 Bd7 22. Qd4+ f6 23. Rd1 Qb6 24. Qxb6 axb6 25. Rd4 Rfe8 26. Rb4 Ra6 27. Kg2
h5 28. g5 Bf5 29. a3 Rd8 30. gxf6+ Kxf6 31. Nd2 Bd3 32. Rd4 Bf5 33. Nc4 b5 34.
Ne3 Bd7 35. Rb4 Ra5 36. Ne4+ Kf7 37. Nc5 Ra7 38. Nxd7 Rxd7 39. Rxb5 Ra4 40. Rb6
Ra6 41. Rb4 g5 42. Nc4 Rf6 43. Rb5 Kf8 44. Ne5 Re7 45. Nf3 Re2 46. Rxb7 g4 47.
hxg4 hxg4 48. Ng5 Rfxf2+ 49. Kg3 Rg2+ 50. Kf4 Rxb2 51. Ne6+ Ke8 52. Rg7 Rbe2
53. Kf5 Rgf2+ 54. Nf4 Rd2 55. Ke5 Rxf4 56. Kxf4 Rxd5 1/2-1/2

[Event "5. OPEN International Championship of Vo"]
[Site "Novi Sad - MASTER CENTAR - SAJ"]
[Date "2014.07.15"]
[Round "5.8"]
[White "Meszaros, Andras"]
[Black "Kadric, Denis"]
[Result "1/2-1/2"]
[WhiteElo "2250"]
[BlackElo "2494"]
[PlyCount "110"]
[EventDate "2014.07.12"]

1. e4 d6 2. Nc3 c5 3. Nf3 Nc6 4. d4 cxd4 5. Nxd4 e5 6. Nf3 h6 7. Be3 Nf6 8. Qd2
Be6 9. Rd1 Be7 10. Be2 O-O 11. O-O a6 12. h3 b5 13. a3 Rc8 14. Rfe1 Na5 15. Nd5
Nxd5 16. exd5 Bf5 17. Rc1 Nc4 18. Bxc4 bxc4 19. Qb4 a5 20. Qc3 Be4 21. Bd2 f5
22. Qxa5 Qe8 23. Nh2 Rc5 24. Qa6 Rb5 25. a4 Rxb2 26. Qxc4 Qa8 27. Rxe4 Rc8 28.
Qd3 fxe4 29. Qxe4 Rc5 30. Ng4 Qxd5 31. Nxh6+ Kf8 32. Qg6 e4 33. Be3 Rcxc2 34.
Rxc2 Rxc2 35. Bd4 Bf6 36. Bxf6 gxf6 37. Qxf6+ Ke8 38. Nf5 Rc1+ 39. Kh2 Qe5+ 40.
Qxe5+ dxe5 41. Nd6+ Ke7 42. Nxe4 Rc4 43. f3 Rxa4 44. h4 Ra3 45. Kh3 Ra8 46. h5
Rf8 47. Kh4 Kf7 48. Ng5+ Kg8 49. g3 Rf6 50. Kg4 Kg7 51. Ne4 Rf8 52. Nd6 Kf6 53.
Ne4+ Kg7 54. Nc5 Rf7 55. Ne4 Rf8 1/2-1/2

[Event "5. OPEN International Championship of Vo"]
[Site "Novi Sad - MASTER CENTAR - SAJ"]
[Date "2014.07.15"]
[Round "5.9"]
[White "Wilschut, Peter"]
[Black "Nestorovic, Nikola"]
[Result "0-1"]
[WhiteElo "2250"]
[BlackElo "2439"]
[PlyCount "138"]
[EventDate "2014.07.12"]

1. e4 c5 2. Nf3 a6 3. g3 b5 4. Bg2 Bb7 5. d3 e6 6. O-O d6 7. a4 Nf6 8. Nc3 b4
9. Nb1 Be7 10. Nbd2 Nc6 11. e5 Nd5 12. exd6 Qxd6 13. Re1 O-O 14. Nc4 Qc7 15.
Bg5 Rad8 16. Bxe7 Ndxe7 17. Qe2 Nf5 18. c3 Na5 19. Nce5 f6 20. Nc4 e5 21. Nxa5
Qxa5 22. Nxe5 Bxg2 23. Nc4 Qc7 24. Kxg2 Rfe8 25. Qf3 g6 26. Rxe8+ Rxe8 27. Ne3
Nxe3+ 28. fxe3 Qe5 29. Rf1 bxc3 30. bxc3 f5 31. e4 fxe4 32. Qf7+ Kh8 33. d4
cxd4 34. cxd4 Qe6 35. d5 Qxf7 36. Rxf7 e3 37. Kf1 Rd8 38. Ke2 Rxd5 39. Kxe3 Ra5
40. Rf4 Kg7 41. Kd3 h5 42. h4 g5 43. Rc4 gxh4 44. Rxh4 Rg5 45. Ke2 Kg6 46. Kf3
Rf5+ 47. Kg2 a5 48. Re4 Kf6 49. Kg1 Rf3 50. Kg2 Rf5 51. Kg1 Rc5 52. Kf2 Kf5 53.
Rh4 Ke6 54. Ke3 Rg5 55. Kf4 Rf5+ 56. Ke4 Re5+ 57. Kd4 Rg5 58. Ke4 Kd6 59. Kd4
Rf5 60. Ke4 Re5+ 61. Kd4 Rg5 62. Kc4 Ke6 63. Kd4 Kf5 64. Kd5 Kg6+ 65. Ke4 Rxg3
66. Kf4 Ra3 67. Ke5 Kg5 68. Rc4 h4 69. Kd6 Rf3 0-1

[Event "5. OPEN International Championship of Vo"]
[Site "Novi Sad - MASTER CENTAR - SAJ"]
[Date "2014.07.15"]
[Round "5.10"]
[White "Kler, Borko"]
[Black "Erdogdu, Mert"]
[Result "0-1"]
[WhiteElo "2242"]
[BlackElo "2423"]
[PlyCount "86"]
[EventDate "2014.07.12"]

1. e4 c5 2. Nf3 d6 3. d4 cxd4 4. Nxd4 Nf6 5. Nc3 a6 6. f4 e6 7. Be2 Be7 8. O-O
Qc7 9. Kh1 O-O 10. Qe1 b5 11. Bf3 Bb7 12. Qg3 b4 13. e5 bxc3 14. Bxb7 Qxb7 15.
exf6 Bxf6 16. bxc3 Nd7 17. Ba3 Nc5 18. Rfe1 Rfc8 19. Rad1 Ne4 20. Qf3 Rxc3 21.
Rd3 Bxd4 22. Qxe4 Qxe4 23. Rxe4 Rb8 24. Re1 Rxd3 25. cxd3 d5 26. g3 h5 27. Rc1
Rb5 28. Rc8+ Kh7 29. Rc7 Ra5 30. Bb4 Rxa2 31. Rxf7 a5 32. Bd6 Kg6 33. Rf8 a4
34. Ra8 h4 35. gxh4 Kh5 36. h3 Kxh4 37. f5 e5 38. Bb4 Kxh3 39. Rh8+ Kg3 40.
Be1+ Kg4 41. Rh7 Ra1 42. Rxg7+ Kxf5 43. Rf7+ Ke6 0-1

[Event "5. OPEN International Championship of Vo"]
[Site "Novi Sad - MASTER CENTAR - SAJ"]
[Date "2014.07.15"]
[Round "5.11"]
[White "Leskur, Dejan"]
[Black "Kumic, Filip"]
[Result "1-0"]
[WhiteElo "2393"]
[BlackElo "2248"]
[PlyCount "77"]
[EventDate "2014.07.12"]

1. Nf3 Nf6 2. b3 d5 3. Bb2 c6 4. g3 e6 5. Bg2 Nbd7 6. O-O Bd6 7. d4 O-O 8. Nbd2
Qe7 9. c4 e5 10. dxe5 Nxe5 11. cxd5 cxd5 12. Nxe5 Bxe5 13. Bxe5 Qxe5 14. Nf3
Qe7 15. Nd4 Bg4 16. h3 Be6 17. Qd2 Rac8 18. Rfc1 a6 19. a4 Qd6 20. Rxc8 Rxc8
21. Rc1 Rxc1+ 22. Qxc1 Bd7 23. Qc3 Kf8 24. a5 h6 25. b4 Ke7 26. Nb3 Kd8 27. Nc5
Bc6 28. e3 Kc7 29. Qd4 Bb5 30. Qc3 Kb8 31. Qd4 Kc7 32. f4 Bc6 33. Nd3 Ne8 34.
Ne5 f6 35. Nxc6 Qxc6 36. Bxd5 Qc1+ 37. Kh2 Qc2+ 38. Bg2 Nd6 39. e4 1-0

[Event "5. OPEN International Championship of Vo"]
[Site "Novi Sad - MASTER CENTAR - SAJ"]
[Date "2014.07.15"]
[Round "5.12"]
[White "Cabarkapa, Novak"]
[Black "Pardic, Oliver"]
[Result "0-1"]
[WhiteElo "2386"]
[BlackElo "2242"]
[PlyCount "40"]
[EventDate "2014.07.12"]

1. e4 d6 2. d4 f5 3. exf5 Bxf5 4. Bd3 Qd7 5. Ne2 Nc6 6. O-O e5 7. dxe5 dxe5 8.
Bxf5 Qxf5 9. Ng3 Qg6 10. Nc3 Bd6 11. Nge4 O-O-O 12. Nxd6+ Rxd6 13. Bd2 Nf6 14.
Nb5 Rd7 15. Qc1 a6 16. Na3 Nd4 17. Kh1 Ng4 18. h3 e4 19. Bc3 Ne2 20. Qe1 Nf4
0-1

[Event "5. OPEN International Championship of Vo"]
[Site "Novi Sad - MASTER CENTAR - SAJ"]
[Date "2014.07.15"]
[Round "5.13"]
[White "Sorgic, Dragan"]
[Black "Ratkovic, Miloje"]
[Result "1-0"]
[WhiteElo "2238"]
[BlackElo "2383"]
[PlyCount "69"]
[EventDate "2014.07.12"]

1. e4 c6 2. d4 d5 3. Nc3 dxe4 4. Nxe4 Nf6 5. Nxf6+ gxf6 6. c3 Bf5 7. Nf3 Nd7 8.
g3 Qc7 9. Bg2 O-O-O 10. Nh4 Bg6 11. O-O e6 12. Qe2 f5 13. b4 Nf6 14. Nxg6 hxg6
15. a4 Nd5 16. Bd2 Bh6 17. Bxh6 Rxh6 18. c4 Nf6 19. b5 c5 20. a5 cxd4 21. b6
axb6 22. axb6 Qc5 23. Qd2 Rhh8 24. Ra5 Qd6 25. c5 Qb8 26. c6 bxc6 27. Bxc6 Qxb6
28. Rc1 Rd6 29. Ba4+ Kd8 30. Ra8+ Ke7 31. Rxh8 Ne4 32. Re8+ Kf6 33. Qh6 Ke5 34.
Qh8+ f6 35. Rb8 1-0

[Event "5. OPEN International Championship of Vo"]
[Site "Novi Sad - MASTER CENTAR - SAJ"]
[Date "2014.07.15"]
[Round "5.14"]
[White "Obodchuk, Andrei"]
[Black "Ujhazi, Ivan"]
[Result "1-0"]
[WhiteElo "2374"]
[BlackElo "2241"]
[PlyCount "59"]
[EventDate "2014.07.12"]

1. d4 d5 2. c4 e6 3. Nf3 c6 4. Nc3 f5 5. Bf4 Nf6 6. e3 Bd6 7. Bxd6 Qxd6 8. Be2
O-O 9. O-O Nbd7 10. Qc2 Ne4 11. Rad1 Ndf6 12. Ne5 Bd7 13. f3 Nxc3 14. Qxc3 a5
15. c5 Qc7 16. Qc2 Be8 17. g4 Nd7 18. Nd3 fxg4 19. Nf4 Rf6 20. fxg4 e5 21. g5
Bg6 22. Bd3 Bxd3 23. Qxd3 Rxf4 24. exf4 e4 25. Qh3 Nf8 26. f5 b6 27. cxb6 Qxb6
28. f6 c5 29. fxg7 Ne6 30. Qh6 1-0

[Event "5. OPEN International Championship of Vo"]
[Site "Novi Sad - MASTER CENTAR - SAJ"]
[Date "2014.07.15"]
[Round "5.15"]
[White "Draskovic, Luka"]
[Black "Kovacevic, Sinisa"]
[Result "1-0"]
[WhiteElo "2340"]
[BlackElo "2224"]
[PlyCount "75"]
[EventDate "2014.07.12"]

1. e4 e6 2. d4 d5 3. Nd2 dxe4 4. Nxe4 Nd7 5. g3 Ngf6 6. Nxf6+ Qxf6 7. Bg2 Bd6
8. Nf3 O-O 9. O-O c6 10. c4 e5 11. Be3 Re8 12. Re1 h6 13. Qc2 Qe7 14. Bf4 Bb4
15. Re2 e4 16. a3 Ba5 17. b4 Bd8 18. Ne5 f5 19. Nxd7 Qxd7 20. Rd1 Bf6 21. d5
cxd5 22. cxd5 b6 23. Qc6 Qxc6 24. dxc6 Ba6 25. Red2 Rac8 26. c7 g5 27. Bd6 Kf7
28. Rd5 Bd3 29. Rxf5 e3 30. Bd5+ Kg6 31. Rxf6+ Kxf6 32. fxe3 Be4 33. Rf1+ Kg7
34. Bf7 Bb7 35. Bxe8 Rxe8 36. e4 Rxe4 37. Rf8 Re6 38. Rb8 1-0

[Event "5. OPEN International Championship of Vo"]
[Site "Novi Sad - MASTER CENTAR - SAJ"]
[Date "2014.07.15"]
[Round "5.16"]
[White "Erden, Kadir"]
[Black "Popchev, Milko"]
[Result "1-0"]
[WhiteElo "2181"]
[BlackElo "2331"]
[PlyCount "57"]
[EventDate "2014.07.12"]

1. d4 d6 2. Nc3 c6 3. e4 b5 4. f4 g6 5. Nf3 Bg7 6. h3 Nd7 7. Bd3 Bb7 8. O-O b4
9. Ne2 c5 10. e5 Nh6 11. e6 fxe6 12. Ng5 Bd5 13. c4 bxc3 14. Nxc3 Bxd4+ 15. Kh2
Bxc3 16. bxc3 c4 17. Bxc4 Bxc4 18. Qd4 Nf7 19. Qxc4 Nxg5 20. fxg5 Rf8 21. Bf4
Qc8 22. Qxe6 Nc5 23. Qe3 Ne6 24. Rae1 Kf7 25. Bg3+ Kg7 26. Rxf8 Nxf8 27. Qxe7+
Kg8 28. Qxd6 Qc4 29. Re7 1-0

[Event "5. OPEN International Championship of Vo"]
[Site "Novi Sad - MASTER CENTAR - SAJ"]
[Date "2014.07.15"]
[Round "5.17"]
[White "Nestorovic, Lazar"]
[Black "Dostan, Janos"]
[Result "1-0"]
[WhiteElo "2331"]
[BlackElo "2210"]
[PlyCount "121"]
[EventDate "2014.07.12"]

1. e4 b6 2. d4 Bb7 3. Bd3 e6 4. Qe2 c5 5. Nf3 cxd4 6. Nxd4 Nc6 7. Nxc6 dxc6 8.
e5 Ne7 9. O-O Qc7 10. Nd2 Nd5 11. Nf3 Nb4 12. Be4 c5 13. c3 Nc6 14. Bf4 O-O-O
15. a4 h6 16. b4 f5 17. exf6 Qxf4 18. a5 Bd6 19. axb6 axb6 20. bxc5 Bb8 21.
cxb6 Qxf6 22. Nd4 Qf4 23. g3 Qxe4 24. Qxe4 Nxd4 25. Qe3 Nf3+ 26. Kh1 Rd6 27.
Rfd1 Rhd8 28. Qc5+ Kd7 29. Rxd6+ Bxd6 30. Qb5+ Ke7 31. Ra7 Rd7 32. Rxb7 Rxb7
33. Qc6 Rb8 34. Qxf3 Rxb6 35. Qe2 Rc6 36. Qd3 Rc5 37. Kg2 Rd5 38. Qg6 Rg5 39.
Qc2 Kf7 40. c4 Be7 41. Qe2 Rc5 42. h4 Rf5 43. h5 Rc5 44. f4 Rf5 45. Kh3 Rc5 46.
Kg4 Rf5 47. Kh3 Rc5 48. g4 Bf6 49. Qd3 Ke7 50. Qa3 Kd6 51. Qb4 Kc6 52. Qa4+ Kd6
53. Qa6+ Ke7 54. Qa7+ Kd6 55. Qb6+ Rc6 56. Qb4+ Rc5 57. g5 Bd4 58. gxh6 gxh6
59. Kg4 e5 60. Qb6+ Ke7 61. fxe5 1-0

[Event "5. OPEN International Championship of Vo"]
[Site "Novi Sad - MASTER CENTAR - SAJ"]
[Date "2014.07.15"]
[Round "5.18"]
[White "Rajak, Luka"]
[Black "Doric, Nenad"]
[Result "0-1"]
[WhiteElo "2161"]
[BlackElo "2316"]
[PlyCount "134"]
[EventDate "2014.07.12"]

1. e4 c5 2. Nf3 e6 3. d4 cxd4 4. Nxd4 a6 5. Be3 Nf6 6. Bd3 Qc7 7. O-O Nc6 8.
Nb3 Be7 9. Nc3 d6 10. f4 O-O 11. Qf3 Nb4 12. Rae1 Nd7 13. a3 Nxd3 14. cxd3 Qd8
15. d4 b5 16. d5 e5 17. Ne2 Bf6 18. f5 Bb7 19. g4 h6 20. Kh1 Rc8 21. Bd2 Bg5
22. Bxg5 Qxg5 23. Na5 Ba8 24. Nc6 Bxc6 25. dxc6 Nf6 26. h3 Rc7 27. Rd1 Rd8 28.
b4 h5 29. gxh5 Qxh5 30. Qg2 Qh4 31. Ng3 Kf8 32. Rd3 Ke7 33. a4 Rh8 34. axb5
axb5 35. Ra3 Qxh3+ 36. Qxh3 Rxh3+ 37. Kg2 Rh4 38. Ra5 Nxe4 39. Nxe4 Rxe4 40.
Rxb5 Rd4 41. Rb8 d5 42. b5 Rc4 43. Ra1 Rb4 44. Raa8 Kf6 45. Rb7 Rxb7 46. cxb7
Rxb5 47. b8=Q Rxb8 48. Rxb8 Kxf5 49. Kf3 g5 50. Re8 d4 51. Re7 f6 52. Ra7 g4+
53. Kg3 Ke4 54. Kxg4 f5+ 55. Kg3 Ke3 56. Ra1 f4+ 57. Kg2 f3+ 58. Kf1 f2 59. Ra2
d3 60. Ra3 e4 61. Rb3 Kd2 62. Rb2+ Kc1 63. Rxf2 d2 64. Re2 d1=Q+ 65. Re1 Kd2
66. Rxd1+ Kxd1 67. Kf2 Kd2 0-1

[Event "5. OPEN International Championship of Vo"]
[Site "Novi Sad - MASTER CENTAR - SAJ"]
[Date "2014.07.15"]
[Round "5.19"]
[White "Pantelic, Sasa"]
[Black "Ratsma, Midas"]
[Result "1/2-1/2"]
[WhiteElo "2312"]
[BlackElo "2123"]
[PlyCount "104"]
[EventDate "2014.07.12"]

1. d4 Nf6 2. c4 c5 3. d5 b5 4. cxb5 a6 5. bxa6 g6 6. Nc3 Bxa6 7. Nf3 Bg7 8. e4
Bxf1 9. Kxf1 d6 10. g3 O-O 11. Kg2 Nbd7 12. Qe2 Qa5 13. e5 dxe5 14. Nxe5 Nxe5
15. Qxe5 Rad8 16. Qxe7 Rfe8 17. Qb7 Rb8 18. Qc6 Rec8 19. Qd6 Rd8 20. Qf4 Nxd5
21. Nxd5 Qa8 22. Rd1 Rxd5 23. Rxd5 Qxd5+ 24. Qf3 Qc4 25. a4 Re8 26. a5 Re1 27.
Qa8+ Bf8 28. Qxf8+ Kxf8 29. Bh6+ Ke7 30. Rxe1+ Kd6 31. Ra1 Qa6 32. Kg1 Kc6 33.
Be3 c4 34. h4 Kb5 35. Bd4 Kc6 36. Bc3 Kb5 37. Ra3 Kc6 38. Ra4 Kd5 39. Kg2 f5
40. Ra1 Kc5 41. Re1 Qc6+ 42. f3 Kb5 43. Re5+ Ka6 44. h5 Qd6 45. h6 Qd7 46. Kf2
g5 47. Re2 g4 48. fxg4 fxg4 49. Re4 Qf5+ 50. Rf4 Qc2+ 51. Ke1 Qb1+ 52. Kf2 Qc2+
1/2-1/2

[Event "5. OPEN International Championship of Vo"]
[Site "Novi Sad - MASTER CENTAR - SAJ"]
[Date "2014.07.15"]
[Round "5.20"]
[White "Ratkovic, Milovan"]
[Black "Rajkovic, Mladen"]
[Result "1-0"]
[WhiteElo "2295"]
[BlackElo "2116"]
[PlyCount "65"]
[EventDate "2014.07.12"]

1. d4 d5 2. c4 e6 3. Nc3 c5 4. cxd5 exd5 5. Nf3 Nc6 6. dxc5 d4 7. Na4 Bxc5 8.
Nxc5 Qa5+ 9. Bd2 Qxc5 10. Rc1 Qd5 11. Bc3 Qxa2 12. Nxd4 Nxd4 13. Qxd4 Nf6 14.
e3 Qd5 15. Qxd5 Nxd5 16. Bxg7 Rg8 17. Bd4 Bd7 18. f3 Bc6 19. Kf2 h6 20. Bc4 Nc7
21. Rhd1 Ne6 22. e4 Ke7 23. Be3 Rg6 24. Bd5 Nd8 25. Rd2 b6 26. Bxc6 Nxc6 27. b4
Rd6 28. Rxd6 Kxd6 29. Bf4+ Ne5 30. b5 Ke6 31. Bxe5 Kxe5 32. Ke3 h5 33. Rc6 1-0

[Event "5. OPEN International Championship of Vo"]
[Site "Novi Sad - MASTER CENTAR - SAJ"]
[Date "2014.07.15"]
[Round "5.21"]
[White "Jovicic, Radosav"]
[Black "Stocko, Josip"]
[Result "1/2-1/2"]
[WhiteElo "2141"]
[BlackElo "2269"]
[PlyCount "77"]
[EventDate "2014.07.12"]

1. d4 Nf6 2. Nf3 e6 3. c4 Bb4+ 4. Nbd2 O-O 5. a3 Be7 6. e4 d5 7. e5 Nfd7 8.
cxd5 exd5 9. Bd3 c5 10. h4 g6 11. h5 cxd4 12. hxg6 fxg6 13. Qc2 Qe8 14. Qb3 Qf7
15. Bb1 Nc5 16. Qd1 a5 17. O-O Nc6 18. Ba2 Bg4 19. e6 Qxe6 20. Re1 Qd7 21. Nf1
Bxf3 22. gxf3 Kh8 23. Bh6 Rf7 24. b4 axb4 25. axb4 Ne6 26. b5 Nb4 27. Bb3 Rxa1
28. Qxa1 Bf8 29. Bxf8 Rxf8 30. Rxe6 Qxe6 31. Qxd4+ Qf6 32. Qxb4 Qxf3 33. Qd4+
Qf6 34. Qxf6+ Rxf6 35. Bxd5 b6 36. Ne3 Rf8 37. Bc6 Kg7 38. Nd5 Rb8 39. Kg2
1/2-1/2

[Event "5. OPEN International Championship of Vo"]
[Site "Novi Sad - MASTER CENTAR - SAJ"]
[Date "2014.07.15"]
[Round "5.22"]
[White "Tisma, Ivan"]
[Black "Napoli, Nicolo'"]
[Result "0-1"]
[WhiteElo "2095"]
[BlackElo "2267"]
[PlyCount "128"]
[EventDate "2014.07.12"]

1. Nf3 f5 2. d3 Nf6 3. e4 d6 4. Nc3 Nc6 5. exf5 Bxf5 6. d4 a6 7. d5 Nb4 8. Nd4
Qd7 9. Bc4 c5 10. dxc6 bxc6 11. a3 Nbd5 12. Nxd5 cxd5 13. Bb3 a5 14. Nxf5 Qxf5
15. Ba4+ Kf7 16. O-O e6 17. Re1 Qg4 18. Qxg4 Nxg4 19. c3 Be7 20. f4 Bd8 21. h3
Bb6+ 22. Kf1 Nf6 23. g4 g6 24. g5 Ne4 25. Bc2 h6 26. Kg2 hxg5 27. Bxe4 dxe4 28.
Rxe4 Rh4 29. Bd2 Rah8 30. Rf1 g4 31. Be1 gxh3+ 32. Kh2 Rg4 33. Bg3 d5 34. Re2
Bc7 35. b4 a4 36. c4 dxc4 37. Re4 Bd6 38. Rxc4 Ke7 39. Rc3 Rh5 40. Re3 g5 41.
fxg5 Rgxg5 42. Bxd6+ Kxd6 43. Rxh3 Rxh3+ 44. Kxh3 Kd5 45. Kh4 Rg6 46. Rf4 e5
47. Rg4 Rh6+ 48. Kg3 Rc6 49. Kf2 Rc3 50. b5 e4 51. b6 Rxa3 52. Ke2 Kd4 53. Rg7
Ra2+ 54. Kd1 Rb2 55. Ra7 Kd3 56. Rd7+ Kc3 57. Ra7 Rb1+ 58. Ke2 Rb4 59. b7 Kb3
60. Kd1 a3 61. Kc1 a2 62. Ra8 Rxb7 63. Ra6 e3 64. Ra8 e2 0-1

[Event "5. OPEN International Championship of Vo"]
[Site "Novi Sad - MASTER CENTAR - SAJ"]
[Date "2014.07.15"]
[Round "5.23"]
[White "Desnica, Vladan"]
[Black "Burovic, Rijad"]
[Result "1-0"]
[WhiteElo "2254"]
[BlackElo "2061"]
[PlyCount "77"]
[EventDate "2014.07.12"]

1. e4 e6 2. d4 d5 3. e5 c5 4. dxc5 Nc6 5. Nf3 Bxc5 6. Bd3 Nge7 7. Bf4 Qb6 8.
O-O Qxb2 9. Nbd2 h6 10. Nb3 Bb6 11. Qe2 Qa3 12. Rfd1 Bd7 13. Bc1 Qa4 14. c3 Na5
15. Nfd4 Nc4 16. Qg4 g5 17. Qf3 Nxe5 18. Qf6 N5g6 19. Bxg6 Nxg6 20. Re1 Rg8 21.
Nf5 Bc7 22. Nc5 Qc6 23. Ba3 Bd8 24. Ng7+ Rxg7 25. Qxg7 Be7 26. Qg8+ Nf8 27.
Nxd7 Qxd7 28. Bb4 Bxb4 29. cxb4 O-O-O 30. Qg7 d4 31. Rac1+ Kb8 32. Qxh6 d3 33.
Red1 d2 34. Rb1 Qd3 35. h3 Qf5 36. Qh5 Rc8 37. Qe2 Rc2 38. Rb3 Rc1 39. Qxd2 1-0

[Event "5. OPEN International Championship of Vo"]
[Site "Novi Sad - MASTER CENTAR - SAJ"]
[Date "2014.07.15"]
[Round "5.24"]
[White "Nikolovski, Nikola"]
[Black "Jovic, Stevan"]
[Result "0-1"]
[WhiteElo "2017"]
[BlackElo "2254"]
[PlyCount "154"]
[EventDate "2014.07.12"]

1. e4 c6 2. d4 d5 3. Nd2 dxe4 4. Nxe4 Bf5 5. Ng3 Bg6 6. Nf3 Nf6 7. h4 h6 8. h5
Bh7 9. Bd3 Bxd3 10. Qxd3 e6 11. Bf4 Qa5+ 12. Bd2 Bb4 13. a3 Bxd2+ 14. Qxd2
Qxd2+ 15. Nxd2 O-O 16. Nge4 Nbd7 17. f3 Rfd8 18. Kf2 Kf8 19. g4 Ke7 20. Rhd1
Nxe4+ 21. Nxe4 Nf6 22. Ke3 Nxe4 23. fxe4 Rd7 24. Rd3 Rad8 25. Rad1 Kf6 26. Kf4
Rxd4 27. Rxd4 e5+ 28. Kf3 Rxd4 29. Rf1 Ke6 30. Ke3 Rd8 31. a4 Rd7 32. a5 Rd4
33. Ra1 Rd7 34. Ra3 Kf6 35. Kf3 Kg5 36. Kg3 g6 37. Rf3 b6 38. a6 c5 39. b3 f6
40. hxg6 Kxg6 41. Rf1 Rd2 42. Rc1 c4 43. bxc4 Rd4 44. c5 bxc5 45. Rb1 Ra4 46.
Rb5 Ra3+ 47. Kh4 Rxa6 48. Rxc5 Ra1 49. Rc8 a5 50. c4 Re1 51. c5 Rxe4 52. c6 Rc4
53. c7 Kg7 54. Kh5 Rc1 55. g5 hxg5 56. Kg4 a4 57. Kf5 a3 58. Ra8 Rxc7 59. Rxa3
Re7 60. Ra6 Rf7 61. Rb6 e4 62. Re6 Ra7 63. Kxe4 Kg6 64. Re8 Ra4+ 65. Kf3 Kf5
66. Rb8 Ra3+ 67. Kg2 g4 68. Rc8 Kf4 69. Rc4+ Kg5 70. Rc8 f5 71. Rb8 Ra2+ 72.
Kg1 f4 73. Rg8+ Kh4 74. Rb8 Kg3 75. Rb3+ f3 76. Rb1 Rg2+ 77. Kf1 Rh2 0-1

[Event "5. OPEN International Championship of Vo"]
[Site "Novi Sad - MASTER CENTAR - SAJ"]
[Date "2014.07.15"]
[Round "5.25"]
[White "Lajthajm, Borko"]
[Black "Arsic, Djordje"]
[Result "1-0"]
[WhiteElo "2526"]
[BlackElo "2055"]
[PlyCount "53"]
[EventDate "2014.07.12"]

1. d4 Nf6 2. c4 e6 3. Nc3 Bb4 4. Qc2 b6 5. e4 Bb7 6. e5 Ne4 7. Nf3 O-O 8. Bd3
f5 9. exf6 Nxf6 10. Bg5 h6 11. Be3 c5 12. a3 cxd4 13. Nxd4 Bxc3+ 14. Qxc3 Ng4
15. O-O-O Qf6 16. Bc2 Ne5 17. Nb5 Na6 18. Nd6 Rab8 19. f3 Rfd8 20. Bd4 Qf4+ 21.
Kb1 Nf7 22. Qd3 e5 23. Qh7+ Kf8 24. Bc3 Qf6 25. f4 Bxg2 26. fxe5 Qf2 27. Nf5
1-0